[Event "3. Campeonato de la Unión Europea"]
[Site "Arvier ITA"]
[Date "2007.06.24"]
[Round "10.40"]
[White "Colombrini, Adolfo"]
[Black "Squarci, Franco"]
[Result "1-0"]
[WhiteElo "1972"]
[BlackElo "1863"]
[PlyCount "101"]
[EventDate "2007.06.15"]
[EventType "swiss"]
[EventRounds "10"]
[EventCountry "ITA"]
[Source "lmi"]
[SourceDate "2007.06.15"]

1. e4 g6 2. d4 Bg7 3. Nc3 e6 4. Be3 c6 5. Qd2 d5 6. Nce2 b5 7. Nf3 Nd7 8. e5 a5
9. Ng3 Ba6 10. Bd3 b4 11. O-O Nb6 12. b3 Ne7 13. Rfc1 Nf5 14. Nxf5 gxf5 15.
Bxa6 Rxa6 16. c3 Bf8 17. Qe2 Qa8 18. Ng5 h6 19. Qh5 hxg5 20. Qxh8 f4 21. Bd2
Nd7 22. h4 Qd8 23. cxb4 gxh4 24. Bxf4 axb4 25. Qg8 Qb6 26. Be3 Qb5 27. Rc2 Qd3
28. Rac1 c5 29. Bh6 c4 30. Bxf8 Nxf8 31. bxc4 Rc6 32. Qg4 dxc4 33. Qe2 Qxd4 34.
Rxc4 Rxc4 35. Rxc4 Qa1+ 36. Kh2 Nd7 37. f4 Qb1 38. Qd2 Kd8 39. Rxb4 Qg6 40. Rd4
Qg3+ 41. Kh1 Ke8 42. Rxd7 Kf8 43. Rd3 Qg4 44. a4 Kg7 45. a5 Qf5 46. a6 Qe4 47.
a7 Qb7 48. Rd7 Qa8 49. Kh2 h3 50. gxh3 Kg6 51. Qg2+ 1-0

[Event "3. Campeonato de la Unión Europea"]
[Site "Arvier ITA"]
[Date "2007.06.24"]
[Round "10.41"]
[White "Calandri, Fausto"]
[Black "Mazzetta, Renato"]
[Result "1/2-1/2"]
[WhiteElo "2144"]
[BlackElo "1864"]
[PlyCount "83"]
[EventDate "2007.06.15"]
[EventType "swiss"]
[EventRounds "10"]
[EventCountry "ITA"]
[Source "lmi"]
[SourceDate "2007.06.15"]

1. e4 c5 2. Nf3 e6 3. c3 Nf6 4. e5 Nd5 5. d4 Nc6 6. c4 Nb6 7. d5 exd5 8. cxd5
Nb4 9. Nc3 d6 10. a3 Na6 11. Bb5+ Bd7 12. Bg5 Be7 13. Bxe7 Qxe7 14. Bxa6 bxa6
15. O-O O-O 16. Re1 Rfe8 17. Qd3 Bg4 18. exd6 Qxd6 19. Ng5 Qg6 20. Qxg6 hxg6
21. Nge4 Red8 22. f3 Bf5 23. g4 Bxe4 24. fxe4 Nc4 25. Re2 Ne5 26. h3 Rab8 27.
Rd1 Rb3 28. Kg2 Rd6 29. g5 f6 30. Rc2 Nc4 31. Kf3 Rdb6 32. Rb1 Rxb2 33. Rcxb2
Rxb2 34. Rxb2 Nxb2 35. e5 fxe5 36. Ke4 Nc4 37. Na4 Kf7 38. Nxc5 Ke7 39. a4 Kd6
40. Nb7+ Kc7 41. Nc5 Kd6 42. Nb7+ 1/2-1/2

[Event "3. Campeonato de la Unión Europea"]
[Site "Arvier ITA"]
[Date "2007.06.24"]
[Round "10.42"]
[White "Giacometto, Mario"]
[Black "Beggi, Pierluigi"]
[Result "0-1"]
[WhiteElo "1931"]
[BlackElo "2141"]
[PlyCount "60"]
[EventDate "2007.06.15"]
[EventType "swiss"]
[EventRounds "10"]
[EventCountry "ITA"]
[Source "lmi"]
[SourceDate "2007.06.15"]

1. e4 c5 2. Nf3 d6 3. d4 cxd4 4. Nxd4 Nf6 5. Nc3 Nc6 6. f3 e6 7. Be3 Be7 8. Qd2
d5 9. exd5 Nxd5 10. Nxd5 Qxd5 11. Nxc6 Qxc6 12. Bd3 O-O 13. O-O f5 14. Qf2 e5
15. Qe2 Be6 16. Bf2 Bf6 17. Rae1 Rac8 18. Kh1 e4 19. fxe4 Bxb2 20. Rb1 Bc3 21.
Bxa7 Bxa2 22. Rb6 Qc7 23. exf5 Bd4 24. c3 Bxb6 25. Qxa2+ Kh8 26. f6 Bxa7 27.
Qxa7 Rxf6 28. Rxf6 gxf6 29. h3 Re8 30. Qf2 Qxc3 0-1

[Event "3. Campeonato de la Unión Europea"]
[Site "Arvier ITA"]
[Date "2007.06.24"]
[Round "10.43"]
[White "Iacchetti, Giovanni"]
[Black "Bonugli, Carlo"]
[Result "0-1"]
[WhiteElo "1917"]
[BlackElo "2091"]
[PlyCount "38"]
[EventDate "2007.06.15"]
[EventType "swiss"]
[EventRounds "10"]
[EventCountry "ITA"]
[Source "lmi"]
[SourceDate "2007.06.15"]

1. b3 e5 2. Bb2 Nc6 3. e3 Nf6 4. c4 Be7 5. Be2 O-O 6. a3 d5 7. cxd5 Nxd5 8. Nf3
Bf6 9. O-O e4 10. Nd4 Nxd4 11. exd4 Nf4 12. Bc4 Bxd4 13. Nc3 Qg5 14. g3 Nh3+
15. Kg2 Qe5 16. Qe2 Ng5 17. Kh1 Bh3 18. f4 exf3 19. Qxe5 Bg2# 0-1

[Event "3. Campeonato de la Unión Europea"]
[Site "Arvier ITA"]
[Date "2007.06.24"]
[Round "10.44"]
[White "Brachten, Ron"]
[Black "Motzer, Heinrich"]
[Result "1-0"]
[WhiteElo "1604"]
[BlackElo "2021"]
[PlyCount "46"]
[EventDate "2007.06.15"]
[EventType "swiss"]
[EventRounds "10"]
[EventCountry "ITA"]
[Source "lmi"]
[SourceDate "2007.06.15"]

1. e4 d5 2. exd5 Qxd5 3. Nc3 Qa5 4. d4 c6 5. Nf3 Nf6 6. Bd2 Bg4 7. Be2 Nbd7 8.
a3 e6 9. O-O Qb6 10. Na4 Qc7 11. Be3 Bd6 12. h3 Bh5 13. Qc1 O-O 14. c4 c5 15.
dxc5 Nxc5 16. Nxc5 Bxc5 17. b4 Bxe3 18. Qxe3 b6 19. g4 Bg6 20. Nh4 Rac8 21.
Qxb6 Rfd8 22. Kg2 Rd6 23. a4 Rc6 1-0

[Event "3. Campeonato de la Unión Europea"]
[Site "Arvier ITA"]
[Date "2007.06.24"]
[Round "10.45"]
[White "Varinelli, Sara"]
[Black "Antoniacci, Riccardo"]
[Result "1-0"]
[WhiteElo "1694"]
[BlackElo "1995"]
[PlyCount "71"]
[EventDate "2007.06.15"]
[EventType "swiss"]
[EventRounds "10"]
[EventCountry "ITA"]
[Source "lmi"]
[SourceDate "2007.06.15"]

1. e4 e5 2. Nf3 Nc6 3. d4 exd4 4. Nxd4 Qh4 5. Nc3 Bb4 6. Qd3 Ne5 7. Qe3 d6 8.
g3 Qe7 9. Bd2 Nf6 10. f3 O-O 11. O-O-O Bd7 12. Nd5 Nxd5 13. exd5 Bc5 14. Bc3 b5
15. f4 b4 16. Bxb4 Bxb4 17. fxe5 dxe5 18. Nf3 f6 19. Qe4 Qd6 20. Bd3 g6 21. g4
Rae8 22. Nh4 Re7 23. Rhg1 Kh8 24. Rdf1 c6 25. Bc4 f5 26. gxf5 gxf5 27. Nxf5
Bxf5 28. Rxf5 Rxf5 29. Qxf5 Re8 30. dxc6 Rf8 31. Qd7 Qh6+ 32. Kb1 Bc5 33. Rg2
Qf6 34. a3 Rd8 35. Qg4 Qf8 36. c7 1-0

[Event "3. Campeonato de la Unión Europea"]
[Site "Arvier ITA"]
[Date "2007.06.24"]
[Round "10.48"]
[White "Dritsakos, Sonia"]
[Black "Bisignano, Giuseppe"]
[Result "1-0"]
[WhiteElo "1524"]
[BlackElo "1928"]
[PlyCount "25"]
[EventDate "2007.06.15"]
[EventType "swiss"]
[EventRounds "10"]
[EventCountry "ITA"]
[Source "lmi"]
[SourceDate "2007.06.15"]

1. e4 e5 2. Nf3 Nc6 3. d4 exd4 4. Nxd4 Bc5 5. Be3 Qf6 6. c3 d6 7. Bb5 Bd7 8.
O-O Qg6 9. Bxc6 bxc6 10. Qf3 Nf6 11. Nf5 Bxe3 12. fxe3 O-O 13. Ne7+ 1-0

[Event "3. Campeonato de la Unión Europea"]
[Site "Arvier ITA"]
[Date "2007.06.24"]
[Round "10.50"]
[White "Cavatorta, Ivan"]
[Black "Agrest, Anton"]
[Result "0-1"]
[WhiteElo "1878"]
[BlackElo "1350"]
[PlyCount "64"]
[EventDate "2007.06.15"]
[EventType "swiss"]
[EventRounds "10"]
[EventCountry "ITA"]
[Source "lmi"]
[SourceDate "2007.06.15"]

1. e4 e5 2. Nf3 Nc6 3. d4 exd4 4. Nxd4 Bc5 5. Be3 Qf6 6. c3 Nge7 7. Nc2 Bxe3 8.
Nxe3 a6 9. g3 O-O 10. f4 d6 11. f5 Qg5 12. Qf3 Ne5 13. Qe2 b5 14. Nd2 N7c6 15.
Nd5 Ra7 16. Nf3 Nxf3+ 17. Qxf3 Ne5 18. Qf2 Rb7 19. Be2 c6 20. Qe3 Qxe3 21. Nxe3
Re7 22. O-O-O Nd7 23. Bf3 Nc5 24. Rxd6 Nxe4 25. Bxe4 Rxe4 26. Kd2 Rfe8 27. Rxc6
Rd8+ 28. Ke2 Rxe3+ 29. Kxe3 Bb7 30. Rd1 Re8+ 31. Kd4 Bxc6 32. Kc5 Bf3 0-1

[Event "3. Campeonato de la Unión Europea"]
[Site "Arvier ITA"]
[Date "2007.06.24"]
[Round "10.51"]
[White "Di Cio, Enrico"]
[Black "Renzini, Lorenzo"]
[Result "0-1"]
[WhiteElo "1776"]
[BlackElo "1839"]
[PlyCount "26"]
[EventDate "2007.06.15"]
[EventType "swiss"]
[EventRounds "10"]
[EventCountry "ITA"]
[Source "lmi"]
[SourceDate "2007.06.15"]

1. e4 c5 2. f4 e6 3. Nf3 g6 4. d4 cxd4 5. Nxd4 Bg7 6. Bc4 Ne7 7. Nc3 a6 8. a4
Qb6 9. Be3 Nbc6 10. Nf5 Qxb2 11. Nxg7+ Kf8 12. Nxe6+ dxe6 13. Qd2 Qxa1+ 0-1